Contabilidad de empresas constructoras y de transporte

Kaydedildi:
Detaylı Bibliyografya
Yazar: Gerlach Cavada, Víctor (Yazar)
Materyal Türü: Kitap
Dil:İspanyolca
Baskı/Yayın Bilgisi: Santiago Jurídica ConoSur 1994
Edisyon:2a. ed
Konular:
Etiketler: Etiketle
Etiket eklenmemiş, İlk siz ekleyin!

MARC

LEADER 00000nam a2200000 a 4500
001 UCZ3172
003 CL-VaPUC
008 951020e19940000CL |||||||||||||||||spa|d
082 0 4 |a 657.869  |b GER  |2 21 
100 |a Gerlach Cavada, Víctor  |e author  |9 550038 
245 1 0 |a Contabilidad de empresas constructoras y de transporte 
250 |a 2a. ed 
300 |a 155 p 
942 |c BK 
945 |d 19951020 00:00:00  |a rleighto 
260 |a Santiago  |b Jurídica ConoSur  |c 1994 
650 0 |a Contabilidad   |9 261430 
650 7 |a REGLAMENTACIONES  |2 CL-VaPUC  |9 338372 
650 7 |a LEGISLACION  |2 CL-VaPUC  |9 346976 
650 7 |a EMPRESAS DE TRANSPORTE  |2 CL-VaPUC  |9 346977 
650 7 |a EMPRESAS CONTRUCTORAS  |2 CL-VaPUC  |9 346978 
651 7 |a CHILE  |2 CL-VaPUC  |9 346979 
583 |a last modification  |c 19951020 00:00:00  |k Rodrigo Vera 
999 |c 239681  |d 239679 
952 |0 0  |1 0  |4 0  |6 657_869000000000000_GER_1994  |7 0  |8 A  |9 250984  |a BIBGIM  |b BIBGIM  |d 2019-11-18  |i 3141225  |o 657.869 GER 1994  |p 3141225  |r 2025-01-15  |w 2019-11-18  |y BK  |k COM